000 02024cam a22005414i 4500
003 PE-LiUPU
005 20250731184525.0
008 150616s r 000 0 d
020 _a844991616X
035 _a(Sirsi) i9788449916168
040 _aPE-LiUPU
_bspa
_cPE-LiUPU
_erda
049 _aPRUA
082 0 4 _b11
_221
100 1 _aBurga, Manuel,
_eautor.
245 1 0 _aFeudalismo andino y movimientos sociales (1866-1965) .
_n11 /
_cManuel Burga.
264 1 _aLima :
_bEditorial Juan Mejía Baca,
_c1981.
300 _a609 páginas :
_bilustraciones ;
_c21 centímetros
336 _atext
_2rdacontent
337 _aunmediated
_2rdamedia
338 _avolume
_2rdacarrier
500 _aOtra edición 1980.
504 _aIncluye bibliografía.
505 0 _aFeudalismo andino y movimientos sociales (1866-1965) -- Las ideas en el Perú contemporáneo -- La iglesia católica en el Perú.
526 _aP136
526 _aP135
526 _aP134
526 _aP133
526 _aP144
526 _aP143
526 _aP87
526 _aP35
526 _aP20
526 _aP14
526 _aP10
526 _aP06
650 0 4 _aFeudalismo
_zPerú.
700 1 _aFlores-Galindo, Alberto.
910 _ajck
_bjvq
_cjck
942 _2ddc
_cBOOK
949 _a985 M39 11
_wDEWEY
_c1
_i20627
_lCCODEBUL1
_mBUL
_r0
_sY
_tBOOK
_u2015-4-23
_xEDUCACION
_zUNKNOWN
_0COMPRA
_o.STAFF. Colección General
949 _a985 M39 11
_wDEWEY
_c2
_i19080
_lDISCARD
_mBUL
_r0
_sY
_tBOOK
_u2015-6-16
_xEDUCACION
_PP20
_0COMPRA
_o.STAFF. Colección General
994 _aC0
_bPEPRU
596 _a1
999 _a985 M39 11
_wDEWEY
_c19519
_i20627
_d19519
_f2021-11-8
_g5
_lCCODEBUL1
_mBUL
_q1
_r0
_sY
_tBOOK
_u2015-4-23
_xBIBLIOTECA
_zUNKNOWN
_0COMPRA
_o.STAFF. Colección General
999 _a985 M39 11
_wDEWEY
_c2
_i19080
_lDISCARD
_mBUL
_r0
_sY
_tBOOK
_u2015-6-16
_xEDUCACION
_PP20
_0COMPRA
_o.STAFF. Colección General
980 _81
_gALBERTO SANCHEZ Responsable de Automatización